Za novú meštiansku školu

Bibliographic Details
Main Author: Sečka, Anton (Author)
Format: Article
Language:Slovak

MARC

LEADER 00000nab a2200000 a 4500
001 vtls010708420
003 SK-MaSNL
005 20260304190246.0
008 250709s xo |||||||||||||||||slo|
035 |a (urnnbn)urn:nbn:sk:snk:ar-a043il 
035 |a (uuid)22f0435d-7bf5-468a-a836-89266a73e220 
035 |a urn:nbn:sk:snk-ab3ca3 
040 |a SNKBUCL  |b slo  |c SNKBUCL  |e AACR2 
041 0 |a slo 
044 |a xo  |c SK 
100 1 |a Sečka, Anton  |4 aut  |9 161938 
245 1 0 |a Za novú meštiansku školu  |c Anton Sečka 
773 0 |t Národná škola slovenská : orgán Slovenskej obce učiteľskej  |g Roč. 14, č. 19 (1935-1936), s. 313-314 
850 |a Slovenská národná knižnica 
852 |a Slovenská národná knižnica 
954 |a odborná, vedecká literatúra pôvodná (slovenská)  |2 lita 
958 |a article1 
958 |a OND 
958 |a EUIPO 
999 |c 3049525  |d 3051455